| 000 | 01062cam a2200277 a 4500 | ||
|---|---|---|---|
| 001 | 15473386 | ||
| 003 | 0 | ||
| 005 | 20170202141510.0 | ||
| 008 | 081001s2010 mau b 001 0 eng | ||
| 020 | _a9781428288218 | ||
| 040 | _cSPU | ||
| 050 | 0 | 0 |
_aPE1408 _b.P62 2010 |
| 100 | 1 |
_aPollack, Eileen, _d1956- |
|
| 245 | 1 | 0 |
_aCreative nonfiction : _ba guide to form, content, and style, with readings / _cEileen Pollack. |
| 260 |
_aBoston, MA : _bWadsworth Cengage Learning, _c2010. |
||
| 300 |
_axix, 424 p. ; _c24 cm. |
||
| 504 | _aIncludes bibliographical references and index. | ||
| 650 | 0 |
_aEnglish language _xRhetoric. |
|
| 650 | 0 | _aAuthorship. | |
| 650 | 0 | _aCollege readers. | |
| 650 | 0 | _aCreative nonfiction. | |
| 856 | 4 | 2 |
_3Contributor biographical information _uhttp://www.loc.gov/catdir/enhancements/fy1104/2008938691-b.html |
| 856 | 4 | 2 |
_3Publisher description _uhttp://www.loc.gov/catdir/enhancements/fy1104/2008938691-d.html |
| 856 | 4 | 1 |
_3Table of contents only _uhttp://www.loc.gov/catdir/enhancements/fy1212/2008938691-t.html |
| 942 |
_2lcc _cBK |
||
| 999 |
_c48405 _d48405 |
||